000
00205 a2200097 4500
001
11918
100
_a
Richards, P.G.
245
_a
The back benchers
260
_a
_b
Faber & Faber
_c
090
_c
9172
_d
9172
942
_a
NUST-CAE
_c
M
_c
36014
999
_c
246991
_d
246991